The importance of political context: motives to participate in a protest before and after the labor reform in Spain /
El objetivo de este estudio es conocer cómo el contexto político y la afiliación sindical de los y las participantes afecta su motivación para participar en una protesta. El estudio compara los participantes de dos manifestaciones en España que tuvieron lugar en fechas diferentes, y fueron organizad...
Uloženo v:
| Hlavní autor: | |
|---|---|
| Další autoři: | |
| Médium: | Text |
| Témata: | |
| Tagy: |
Přidat tag
Žádné tagy, Buďte první, kdo vytvoří štítek k tomuto záznamu!
|
MARC
| LEADER | 00000 a a2200000 04500 | ||
|---|---|---|---|
| 001 | 47209 | ||
| 003 | |||
| 040 | |||
| 100 | |a Gómez-Román, Cristina | ||
| 245 | |a The importance of political context: |b motives to participate in a protest before and after the labor reform in Spain / |c Cristina Gómez-Román, José-Manuel Sabucedo | ||
| 520 | |a El objetivo de este estudio es conocer cómo el contexto político y la afiliación sindical de los y las participantes afecta su motivación para participar en una protesta. El estudio compara los participantes de dos manifestaciones en España que tuvieron lugar en fechas diferentes, y fueron organizadas por los mismos sindicatos, con los mismos objetivos (de la oposición a una nueva ley del trabajo). El diseño del estudio compara el contexto político (demostrando antes o después de la reforma laboral) y la afiliación sindical (sindicalista, no sindicalista). Los principales resultados confirman que el contexto político afecta principalmente a las variables de identidad y eficacia, mientras que el factor de afiliación sindical influencia confianza en las instituciones políticas, la identidad y la satisfacción con la democracia. Además, el análisis muestra cómo la interacción entre el contexto político y la afiliación sindical afecta los sentimientos de ira, confianza y la satisfacción con la democracia. | ||
| 590 | |a Silvia/19032015 | ||
| 650 | |a ESPAÑA | ||
| 650 | |a Macrotesauro de la OCDE/ | ||
| 650 | |a MOVIMIENTOS SOCIALES | ||
| 650 | |a Macrotesauro de la OCDE/ | ||
| 650 | |a PARTICIPACION POLITICA | ||
| 650 | |a Macrotesauro de la OCDE/ | ||
| 650 | |a SINDICALISMO | ||
| 650 | |a Macrotesauro de la OCDE/ | ||
| 650 | |a SINDICATO | ||
| 650 | |a Macrotesauro de la OCDE/ | ||
| 700 | |a Sabucedo, José-Manuel | ||
| 773 | |g volumen29, número6, (2014), páginas 546-564 : tablas | ||
| 999 | |c 25185 |d 25185 | ||
